Santoral de la caricatura : los 100 grandes del humor gráfico mundial /

Rius recopila aquí caricaturas de 100 autores pertenecientes a 30 países. Según el único criterio de su personal gusto por ellos, son, como él mismo explica, caricaturistas de humor blanco que han persistido en el trabajo gráfico por 20 0 30 años y que han recibido algún galardón.

Gespeichert in:
Bibliographische Detailangaben
1. Verfasser: Rius (comp.)
Format: Buch
Sprache:Spanisch
Veröffentlicht: México : Posada, 1984, c1984
Schlagworte:
Tags: Tag hinzufügen
Keine Tags, Fügen Sie das erste Tag hinzu!

MARC

LEADER 00000nam^a2200000^a^4500
001 000362358
005 20250815000000.0
009 20260310115518.711
020 |a 968-433-074-X 
025 |a Donación Ignacio González Luna, 1 ejemplar 
037 |a Acervo ITESO - Biblioteca 
041 |a ESP 
082 |a 741. 509  |b RIU 
100 |a Rius  |e (comp.) 
245 1 0 |a Santoral de la caricatura :  |b los 100 grandes del humor gráfico mundial /  |c Comp. y pról. de Rius. 
264 4 |a México :  |b Posada,  |c 1984, c1984 
300 |a 144 p. 
336 |a texto  |b txt  |2 rdacontenido 
337 |a sin mediación  |b n  |2 rdamedio 
338 |a volumen  |b nc  |2 rdasoporte 
520 |a Rius recopila aquí caricaturas de 100 autores pertenecientes a 30 países. Según el único criterio de su personal gusto por ellos, son, como él mismo explica, caricaturistas de humor blanco que han persistido en el trabajo gráfico por 20 0 30 años y que han recibido algún galardón. 
545 0 |a Rius, pseudónimo de Eduardo del Río García (Zamora, 1934), considerado el caricaturista más popular de México, así como el creador de una forma de comunicación basada en el lenguaje de la historieta y el collage (libro-cómics, lo llama él), con la que ha publicado más de cien títulos, entre los que destacan: La panza es primero; La trukulenta historia del Kapitalismo; Filosofía para principiantes; Osama Tío Sam; Recetarius; Mis queridos agachados. Ha colaborado, entre otras, con las publicaciones Sucesos para todos, Excélsior, Siempre!, Proceso, La Jornada; ha fundado y dirigido La Gallina, Marca Diablo, El Mitote Ilustrado, y La Garrapata; es cofundador y codirector de El Chahuistle y El Chamuco. Es creador de Los supermachos y Los Agachados. Su labor ha sido reconocida con el Premio de la Asociación Mexicana de Periodistas (1959), Gran Prix de Montreal (1968), Premio Nacional de Periodismo (1987), Premio Forte del Marni de Sátira Política (1995). 
649 |a XX 
650 |a Historietas y Caricaturas de Humor -  |x Historia -  |x Tema Principal 
650 |a Medios de Comunicación 
650 |a Medios Impresos 
650 |a Comunicación Masiva 
650 |a Comunicación Visual 
910 |a Fondo Ignacio González Luna Morfín 
920 |a Impresos - Libros 
930 |a Fondos Especiales 
905 |a 136 
901 |a 0500255803  |b IT2  |c ESP  |i D  |u 20250521 
902 |a https://opac.biblio.iteso.mx/vufind/Record/000362358